[Event "Bogota AlphaZero op"]
[Site "Bogota"]
[Date "2018.08.20"]
[Round "7"]
[White "Valle, Leiner Efrain"]
[Black "Sanchez, Sebastian Felipe"]
[Result "0-1"]
[WhiteElo "2120"]
[BlackElo "2428"]
[PlyCount "76"]
[EventDate "2018.08.17"]
[EventType "swiss"]
[EventRounds "7"]
[EventCountry "COL"]
[SourceTitle "CBM 186 Extra"]
[Source "ChessBase"]
[SourceDate "2018.08.24"]
[SourceVersion "1"]
[SourceVersionDate "2018.08.24"]
[SourceQuality "1"]

1. d4 Nf6 2. Nf3 e6 3. Bf4 b6 4. e3 Bb7 5. Nbd2 Be7 6. Bd3 Nh5 7. Qe2 d6 8. Bg3 Nd7 9. 0-0 0-0 10. e4 Nxg3 11. hxg3 c5 12. c3 Rc8 13. Rac1 g6 14. Rfd1 Qc7 15. Ba6 Rfe8 16. Bxb7 Qxb7 17. Nf1 Bf8 18. Re1 b5 19. Qc2 cxd4 20. Nxd4 Nc5 21. Qe2 a6 22. Nd2 Red8 23. N2b3 Bg7 24. Rcd1 Qb6 25. Kh2 Nxb3 26. Nxb3 b4 27. cxb4 Qxb4 28. Rc1 a5 29. Rxc8 Rxc8 30. Rb1 a4 31. Nc1 Rc4 32. f3 Qc5 33. Nd3 Qh5+ 34. Kg1 Bd4+ 35. Nf2 Qc5 36. Kf1 Rc2 37. Nd3 Rxe2 38. Nxc5 Rf2+ 0-1

[Event "Bogota Torneo Distrital op"]
[Site "Bogota"]
[Date "2010.05.16"]
[Round "5.3"]
[White "Zuluaga Torres, Juan Pablo"]
[Black "Valle, Leiner Efrain"]
[Result "0-1"]
[WhiteElo "2015"]
[BlackElo "2185"]
[PlyCount "44"]
[EventDate "2010.05.14"]
[EventType "swiss"]
[EventRounds "7"]
[EventCountry "COL"]
[SourceTitle "EXT 2024"]
[Source "ChessBase"]
[SourceDate "2023.10.10"]
[SourceVersion "1"]
[SourceVersionDate "2023.10.10"]
[SourceQuality "1"]

1. e4 Nc6 2. Nf3 e5 3. Nc3 Nf6 4. d4 exd4 5. Nxd4 Bb4 6. Nxc6 bxc6 7. Bd3 d5 8. exd5 Qe7+ 9. Qe2 Qxe2+ 10. Kxe2 Bxc3 11. bxc3 cxd5 12. Bb5+ Bd7 13. Bxd7+ Kxd7 14. Kd3 Rhe8 15. Bd2 Re6 16. f3 c5 17. c4 dxc4+ 18. Kxc4 Re2 19. Rad1 Kc6 20. Rhe1 Rae8 21. Rxe2 Rxe2 22. c3 Nd5 0-1

[Event "Bogota Torneo Distrital op"]
[Site "Bogota"]
[Date "2010.05.14"]
[Round "1.21"]
[White "Valle, Leiner Efrain"]
[Black "Leal Cortes, Diego Fernando"]
[Result "1-0"]
[WhiteElo "2147"]
[BlackElo "1600"]
[PlyCount "55"]
[EventDate "2010.05.14"]
[EventType "swiss"]
[EventRounds "7"]
[EventCountry "COL"]
[SourceTitle "EXT 2024"]
[Source "ChessBase"]
[SourceDate "2023.10.10"]
[SourceVersion "1"]
[SourceVersionDate "2023.10.10"]
[SourceQuality "1"]

1. Nf3 Nf6 2. g3 g6 3. Bg2 Bg7 4. 0-0 d5 5. Re1 0-0 6. d3 c5 7. Nbd2 Nc6 8. e4 d4 9. a4 e5 10. Nc4 Re8 11. Rf1 a6 12. a5 Rb8 13. Bg5 h6 14. Bxf6 Qxf6 15. Nb6 Be6 16. Nd2 g5 17. Ndc4 Bxc4 18. Nd7 Qd8 19. Nxb8 Bb5 20. Nxc6 Bxc6 21. Bh3 Bd7 22. Qh5 Bxh3 23. Qxh3 Re6 24. f4 exf4 25. gxf4 gxf4 26. Rxf4 Qg5+ 27. Rg4 Qd2 28. Rg2 1-0

[Event "COL-ch sf"]
[Site "Buga"]
[Date "2009.06.01"]
[Round "6.1"]
[White "Remicio Duque, John H"]
[Black "Valle, Leiner Efrain"]
[Result "0-1"]
[WhiteElo "2218"]
[BlackElo "2198"]
[PlyCount "30"]
[EventDate "2009.05.30"]
[EventType "swiss"]
[EventRounds "7"]
[EventCountry "COL"]
[SourceTitle "EXT 2024"]
[Source "ChessBase"]
[SourceDate "2023.10.10"]
[SourceVersion "1"]
[SourceVersionDate "2023.10.10"]
[SourceQuality "1"]

1. Nf3 c5 2. e4 Nc6 3. d4 cxd4 4. Nxd4 Nf6 5. Nc3 a6 6. Be3 e6 7. Bd3 Ne5 8. h3 Nxd3+ 9. cxd3 d5 10. exd5 Nxd5 11. 0-0 Be7 12. Qb3 Nxe3 13. fxe3 Bf6 14. Qa4+ Bd7 15. Qb4 b5 0-1

[Event "COL-ch sf"]
[Site "Buga"]
[Date "2009.05.30"]
[Round "2.1"]
[White "Castano, Duvan Martin"]
[Black "Valle, Leiner Efrain"]
[Result "1-0"]
[WhiteElo "2265"]
[BlackElo "2198"]
[PlyCount "87"]
[EventDate "2009.05.30"]
[EventType "swiss"]
[EventRounds "7"]
[EventCountry "COL"]
[SourceTitle "EXT 2024"]
[Source "ChessBase"]
[SourceDate "2023.10.10"]
[SourceVersion "1"]
[SourceVersionDate "2023.10.10"]
[SourceQuality "1"]

1. e4 e5 2. Nf3 Nc6 3. Bc4 Nf6 4. d4 exd4 5. e5 d5 6. Bb5 Ne4 7. Nxd4 Bd7 8. Bxc6 bxc6 9. 0-0 Be7 10. f3 Nc5 11. f4 Ne4 12. Nc3 Nxc3 13. bxc3 c5 14. Nb3 c4 15. Nd4 c5 16. Ne2 Bc6 17. f5 Bg5 18. Qe1 Bxc1 19. Rxc1 Qc7 20. Qf2 Bb7 21. Rb1 Qc6 22. Qh4 d4 23. Nf4 Rd8 24. e6 d3 25. Rbe1 dxc2 26. f6 gxf6 27. Qh5 Rd1 28. Qxf7+ Kd8 29. e7+ Kc8 30. e8Q+ Rxe8 31. Rxe8+ Qxe8 32. Qxe8+ Kc7 33. Ne6+ Kb6 34. Qd8+ Rxd8 35. Nxd8 Be4 36. Ne6 Kb5 37. Kf2 Bf5 38. Nf4 Ka4 39. Ke3 Ka3 40. Kd2 Kxa2 41. Ne2 Bd3 42. Nc1+ Kb2 43. Rxf6 a5 44. Ra6 1-0

[Event "Bogota Mila Memorial op"]
[Site "Bogota"]
[Date "2009.04.??"]
[Round "5"]
[White "Uribe Fajardo, Juan Felipe"]
[Black "Valle, Leiner Efrain"]
[Result "0-1"]
[WhiteElo "1970"]
[BlackElo "2147"]
[PlyCount "46"]
[EventDate "2009.04.??"]
[EventType "swiss"]
[EventRounds "9"]
[EventCountry "COL"]
[SourceTitle "EXT 2014"]
[Source "ChessBase"]
[SourceDate "2013.11.20"]
[SourceVersion "1"]
[SourceVersionDate "2013.11.20"]
[SourceQuality "1"]

1. e4 c5 2. Nf3 d6 3. d4 cxd4 4. Nxd4 Nf6 5. Nc3 a6 6. a4 e5 7. Nb3 Be6 8. Be2 Be7 9. 0-0 0-0 10. Be3 d5 11. exd5 Nxd5 12. Nxd5 Bxd5 13. a5 Be6 14. Bb6 Qc8 15. Bd3 Nd7 16. Re1 Nxb6 17. axb6 Bf6 18. Nd2 g6 19. Ne4 Bg7 20. Nd6 Qd7 21. Bc4 Rfd8 22. Nxf7 Qxf7 23. Bxe6 Qxe6 0-1

[Event "Bogota Mila Memorial op"]
[Site "Bogota"]
[Date "2009.04.??"]
[Round "4"]
[White "Valle, Leiner Efrain"]
[Black "Abril Guiza, Mauricio"]
[Result "0-1"]
[WhiteElo "2147"]
[BlackElo "2013"]
[PlyCount "90"]
[EventDate "2009.04.??"]
[EventType "swiss"]
[EventRounds "9"]
[EventCountry "COL"]
[SourceTitle "EXT 2014"]
[Source "ChessBase"]
[SourceDate "2013.11.20"]
[SourceVersion "1"]
[SourceVersionDate "2013.11.20"]
[SourceQuality "1"]

1. e4 c5 2. Nf3 Nc6 3. d4 cxd4 4. Nxd4 Nf6 5. Nc3 e5 6. Ndb5 d6 7. Bg5 a6 8. Na3 b5 9. Nd5 Qa5+ 10. Nc3 Be6 11. Bxf6 gxf6 12. Nab1 Nd4 13. Qd2 Rc8 14. Bd3 Rg8 15. f3 Bh3 16. Nd5 Qd8 17. Nbc3 Bxg2 18. 0-0-0 Bxh1 19. Rxh1 f5 20. exf5 Nxf3 21. Qf2 Qg5+ 22. Kb1 Qg1+ 23. Rxg1 Rxg1+ 24. Qxg1 Nxg1 25. Nf6+ Kd8 26. Nxh7 Bh6 27. Nf6 Nf3 28. h3 Nd2+ 29. Ka1 Kc7 30. Ncd5+ Kb8 31. c3 Bg5 32. Nh7 Rg8 33. a3 Nb3+ 34. Kb1 Bh6 35. Bc2 Nd2+ 36. Ka2 Rg2 37. Nhf6 Nc4 38. Kb1 Rh2 39. Nb4 a5 40. Nc6+ Kc7 41. Na7 Kb6 42. Nc8+ Kb7 43. Ne7 Bg5 44. Be4+ Ka6 45. Nfd5 Nd2+ 0-1

[Event "Medellin de Las Americas op"]
[Site "Medellin"]
[Date "2008.11.14"]
[Round "2.5"]
[White "Zuluaga Mancilla, Cesar"]
[Black "Valle, Leiner Efrain"]
[Result "1-0"]
[WhiteElo "2320"]
[BlackElo "2173"]
[PlyCount "89"]
[EventDate "2008.11.13"]
[EventType "swiss"]
[EventRounds "9"]
[EventCountry "COL"]
[SourceTitle "EXT 2024"]
[Source "ChessBase"]
[SourceDate "2023.10.10"]
[SourceVersion "1"]
[SourceVersionDate "2023.10.10"]
[SourceQuality "1"]

1. d4 Nf6 2. c4 g6 3. Nc3 Bg7 4. Nf3 d6 5. g3 0-0 6. Bg2 Nbd7 7. 0-0 e5 8. h3 Re8 9. e4 exd4 10. Nxd4 Nb6 11. b3 Nfd7 12. Be3 a5 13. Qc2 a4 14. Rad1 axb3 15. axb3 c6 16. Rd2 Qf6 17. f4 Nc5 18. Nde2 Bf8 19. Bd4 Qe7 20. f5 Nbd7 21. b4 Na6 22. Qb3 Ne5 23. Rdd1 Nc7 24. Kh2 b5 25. cxb5 Nxb5 26. Nxb5 cxb5 27. Nf4 Bb7 28. fxg6 hxg6 29. Bxe5 dxe5 30. Nxg6 Qe6 31. Qxe6 Rxe6 32. Nxf8 Kxf8 33. Rd7 Re7 34. Rxe7 Kxe7 35. Rc1 Kd6 36. Rd1+ Ke7 37. Rc1 Kd6 38. h4 Ra2 39. Kg1 f5 40. h5 f4 41. gxf4 Ra8 42. Rc5 Ra1+ 43. Kh2 Ra2 44. Rxe5 Bc6 45. h6 1-0

[Event "Medellin de Las Americas op"]
[Site "Medellin"]
[Date "2008.11.13"]
[Round "3.16"]
[White "Valle, Leiner Efrain"]
[Black "Torres, Anibal"]
[Result "1-0"]
[WhiteElo "2173"]
[BlackElo "2044"]
[PlyCount "37"]
[EventDate "2008.11.13"]
[EventType "swiss"]
[EventRounds "9"]
[EventCountry "COL"]
[SourceTitle "EXT 2024"]
[Source "ChessBase"]
[SourceDate "2023.10.10"]
[SourceVersion "1"]
[SourceVersionDate "2023.10.10"]
[SourceQuality "1"]

1. e4 c6 2. d4 d5 3. Nc3 dxe4 4. Nxe4 Bf5 5. Ng5 h6 6. N5f3 Nf6 7. Bc4 e6 8. Ne5 Nbd7 9. Ngf3 Ng4 10. Nxd7 Qxd7 11. h3 Nf6 12. Ne5 Qd8 13. c3 Bd6 14. Qe2 0-0 15. 0-0 Nd5 16. Re1 Re8 17. Qh5 Nf6 18. Qxf7+ Kh8 19. Qxb7 1-0